内蒙古户籍人口最多的20个县级行政区 20 most populous county regions in innermongolia - Statistics

General Stats
  • This quiz has been taken 20 times
  • The average score is 13 of 20
Answer Stats
户籍人口/万 地市与排名 县区 % Correct
84 通辽1 科尔沁区
100%
52 包头1 昆都仑区
88%
56 呼和浩特1 赛罕区
82%
52 通辽2 科尔沁左翼中旗
82%
42 包头2 青山区
82%
44 呼和浩特2 新城区
76%
52 巴彦淖尔1 临河区
71%
40 包头3 东河区
71%
40 通辽4 科尔沁左翼后旗
71%
61 赤峰1 松山区
59%
60 赤峰2 宁城县
59%
44 通辽3 奈曼旗
59%
40 呼伦贝尔1 扎兰屯市
59%
60 赤峰3 敖汉旗
47%
47 赤峰4 翁牛特旗
47%
39 通辽5 开鲁县
47%
38 兴安盟1 扎赉特旗
47%
36 呼和浩特3 土默特左旗
47%
35 包头4 土默特右旗
41%
37 鄂尔多斯1 达拉特旗
29%
No matching quizzes found
Score Distribution
Percent of People with Each Score
Percentile by Number Answered
Your Score History
You have not taken this quiz